| 000 | 00436 a2200145 4500 | ||
|---|---|---|---|
| 005 | 20250619145301.0 | ||
| 020 | _a998796312-9 | ||
| 082 | _a658.4 MAG | ||
| 100 | _aMAGIGI, W. | ||
| 245 | _aProject Design, Implementation and Resource Mobilization in a Competitive Economy | ||
| 250 | _a2nd Ed. | ||
| 260 |
_aDar es Salaam, _bSafi Publishers, _c2015. |
||
| 300 |
_axv,568p.; ill.; figure _bAnnexes & Bibliography _c23cm. |
||
| 942 |
_2ddc _cBKS |
||
| 999 |
_c4342 _d4342 |
||